000 00452nam a2200157 4500
001 123744
003 ES-MaACL
005 20230906192230.0
007 t|
008 070214s1962 sp r ||||1| spa d
100 1 _aQuinto, José María de (
_d1925-2005)
_994739
245 1 3 _aLa tragedia y el hombre /
_cJosé María de Quinto.
260 _aBarcelona :
_bSeix Barral,
_c1962.
300 _a227 p. ;
_c18 cm.
852 _aES-MaACL
_jC-22636
_bR.51029
999 _c123744
_d123744